|
|
|
|
| LEADER |
00000cam a2200000 i 4500 |
| 001 |
1/4397 |
| 008 |
100210s1952 gr | ||| |||| ||gre|| |
| 035 |
|
|
|l 10106754
|
| 040 |
|
|
|a GR-MyUA
|b gre
|e AACR2
|
| 041 |
0 |
|
|a gre
|
| 082 |
0 |
|
|a 759.9495
|2 (22)
|
| 245 |
0 |
0 |
|a Επιστολαί του Νικολάου Γύζη /
|c επιμέλεια Γεωργίου Δροσίνη και Λάμπρου Γ. Κορομηλά.
|
| 260 |
|
|
|a Αθήναι :
|b Εκλογής,
|c 1953.
|
| 300 |
|
|
|a 274 σ. ;
|c 25 εκ.
|
| 600 |
1 |
0 |
|a Γύζης, Νικόλαος,
|d 1842-1901.
|
| 650 |
0 |
0 |
|a Artists
|z Greece
|x Correspondence.
|
| 700 |
1 |
|
|a Δροσίνης, Γεώργιος,
|d 1859-1951,
|e edt
|
| 700 |
1 |
|
|a Κορομηλάς, Λάμπρος Γ.,
|d 1916-1981,
|e edt
|
| 852 |
|
|
|a INST
|b SAMOS
|e 20100210
|h 759.9495 ΕΠΙ
|p 005300030654
|q 005300030654
|t BK
|y 0
|
| 901 |
|
|
|a BIBL3-2010-1
|
| 909 |
|
|
|a Σ
|b 161792
|
| 970 |
|
|
|a ΡΟΥΣΣΟΥ
|b ΚΩΝΣΤΑΝΤΙΝΑ
|z 2010/02/10
|